Organic form and related biological problems. (Record no. 139252)
[ view plain ]
| 000 -LEADER | |
|---|---|
| fixed length control field | 00804cam8a220024100 4500 |
| 001 - CONTROL NUMBER | |
| control field | qce01035423 |
| 005 - DATE AND TIME OF LATEST TRANSACTION | |
| control field | 20190823083142.0 |
| 008 - FIXED-LENGTH DATA ELEMENTS--GENERAL INFORMATION | |
| fixed length control field | 750806s1948 cau b 000 0 eng |
| 010 ## - LIBRARY OF CONGRESS CONTROL NUMBER | |
| LC control number | 48002520 |
| 035 ## - SYSTEM CONTROL NUMBER | |
| System control number | (Sirsi) r53783 |
| 035 ## - SYSTEM CONTROL NUMBER | |
| System control number | (QCAT)lss00935032 |
| 035 ## - SYSTEM CONTROL NUMBER | |
| System control number | (UPRA)qce01035423 |
| 040 ## - CATALOGING SOURCE | |
| Modifying agency | UPRA |
| 050 0# - LIBRARY OF CONGRESS CALL NUMBER | |
| Classification number | QH311 |
| Item number | .H73 |
| 082 ## - DEWEY DECIMAL CLASSIFICATION NUMBER | |
| Classification number | 574.04 |
| 100 1# - MAIN ENTRY--PERSONAL NAME | |
| Personal name | Holmes, Samuel J. (Samuel Jackson), 1868- |
| Fuller form of name | Holmes, Samuel J. (Samuel Jackson), 1868- |
| Dates associated with a name | Holmes, Samuel J. (Samuel Jackson), 1868- |
| Linkage | A12532.1 |
| 245 10 - TITLE STATEMENT | |
| Title | Organic form and related biological problems. |
| 260 ## - PUBLICATION, DISTRIBUTION, ETC. | |
| Place of publication, distribution, etc. | Berkeley : |
| Name of publisher, distributor, etc. | Univ. of California Press, |
| Date of publication, distribution, etc. | 1948. |
| 504 ## - BIBLIOGRAPHY, ETC. NOTE | |
| Bibliography, etc. note | "References": p. 155-163. |
| 650 #0 - SUBJECT ADDED ENTRY--TOPICAL TERM | |
| Topical term or geographic name entry element | Biology. |
| Linkage | S245.1 |
| 949 ## - LOCAL PROCESSING INFORMATION (OCLC) | |
| a | QH311 |
| w | lcc |
| i | 33729000318647 |
| m | MAIN |
| p | 2500 |
| t | BOOK |
| l | ON-SHELF |
No items available.